Understanding phase contrast MR angiography : (Record no. 23432)
[ view plain ]
| 000 -LEADER | |
|---|---|
| fixed length control field | 00942cam a22002775a 4500 |
| 001 - CONTROL NUMBER | |
| control field | 017705099 |
| 003 - CONTROL NUMBER IDENTIFIER | |
| control field | OSt |
| 005 - DATE AND TIME OF LATEST TRANSACTION | |
| control field | 20201128024033.0 |
| 008 - FIXED-LENGTH DATA ELEMENTS--GENERAL INFORMATION | |
| fixed length control field | 151221t2016 gw a frb 000 0 eng d |
| 020 ## - INTERNATIONAL STANDARD BOOK NUMBER | |
| International Standard Book Number | 9783319254814 |
| 040 ## - CATALOGING SOURCE | |
| Original cataloging agency | StDuBDS |
| Language of cataloging | eng |
| Transcribing agency | StDuBDS |
| Modifying agency | EG-ScBUE |
| 082 04 - DEWEY DECIMAL CLASSIFICATION NUMBER | |
| Classification number | 616.0754 |
| Edition number | 22 |
| Item number | SUR |
| 100 1# - MAIN ENTRY--PERSONAL NAME | |
| Personal name | Suresh Paul, Joseph. |
| 245 10 - TITLE STATEMENT | |
| Title | Understanding phase contrast MR angiography : |
| Remainder of title | a practical approach with MATLAB examples / |
| Statement of responsibility, etc | Joseph Suresh Paul, Subha Gouri Raveendran. |
| 260 ## - PUBLICATION, DISTRIBUTION, ETC. (IMPRINT) | |
| Place of publication, distribution, etc | [Cham] : |
| Name of publisher, distributor, etc | Springer, |
| Date of publication, distribution, etc | c.2016. |
| 300 ## - PHYSICAL DESCRIPTION | |
| Extent | viii, 92 p. : |
| Other physical details | ill. ; |
| Dimensions | 24 cm. |
| 490 0# - Series Statement | |
| Series statement | SpringerBriefs in electrical and computer engineering |
| 504 ## - BIBLIOGRAPHY, ETC. NOTE | |
| Bibliography, etc | Includes bibliographical references. |
| 630 07 - SUBJECT ADDED ENTRY--UNIFORM TITLE | |
| Uniform title | MATLAB. |
| 9 (RLIN) | 826 |
| 650 #7 - SUBJECT ADDED ENTRY--TOPICAL TERM | |
| Topical term or geographic name as entry element | Angiography. |
| Source of heading or term | BUEsh |
| 650 #7 - SUBJECT ADDED ENTRY--TOPICAL TERM | |
| Topical term or geographic name as entry element | Phase contrast magnetic resonance imaging. |
| Source of heading or term | BUEsh |
| 651 ## - SUBJECT ADDED ENTRY--GEOGRAPHIC NAME | |
| Source of heading or term | BUEsh |
| 653 ## - INDEX TERM--UNCONTROLLED | |
| Resource For college | Informatics and Computer Science |
| Arrived date list | December2016 |
| 700 1# - ADDED ENTRY--PERSONAL NAME | |
| Personal name | Gouri Raveendran, Subha. |
| 942 ## - ADDED ENTRY ELEMENTS (KOHA) | |
| Source of classification or shelving scheme | Dewey Decimal Classification |
| Withdrawn status | Item status | Source of classification or shelving scheme | Damaged status | Not for loan | Vendor | Home library | Current library | Shelving location | Date acquired | Source of acquisition | Cost, normal purchase price | Serial Enumeration / chronology | Total Checkouts | Full call number | Barcode | Date last seen | Cost, replacement price | Koha item type |
|---|---|---|---|---|---|---|---|---|---|---|---|---|---|---|---|---|---|---|
| Dewey Decimal Classification | Baccah | Central Library | Central Library | First floor | 04/12/2016 | Purchase | 575.00 | 25137 | 616.0754 SUR | 000040245 | 15/07/2025 | 718.75 | Book - Borrowing |